000 00292nam a22001337a 4500
008 170508b xxu||||| |||| 00| 0 eng d
020 _a9780131726215
041 _aeng
080 _211TH
_a34
100 _a15
101 _aSHJ
245 _aCORRECTIONS IN AMERICA
_cALLEN
942 _2udc
_cBK
999 _c12901
_d12901